• 首页
  • 本馆介绍
  • 公告通知
  • 最新文献
  • 馆藏检索
  • 电子资源
  • 读者导购
  • 参考咨询
  • 我的图书馆
  • 登录
  • 详细信息显示
  • 放入我的书架
  • 预约/预借图书
  • 作者相关作品
  • 分类相关作品
  • 丛书相关作品
  • 出版社相关作品

书目信息

  • 表格格式
  • 工作单格式
  • 卡片格式
题名:
中外园林艺术研究
    
 
作者: 曹盼宫 著
分册:  
出版信息: 长春   吉林出版集团股份有限公司  2017.9
页数: 212页
开本: 26cm
丛书名:
单 册:
中图分类: TU986.1
科图分类:
主题词: 园林艺术--研究--世界
电子资源:
ISBN: 978-7-5581-3608-5
000 01133nam0 2200217 450
001 78
005 20180920171559.77
010    @a978-7-5581-3608-5@dCNY42.00
100    @a20171004d2017 em y0chiy0110 ea
101 0  @achi
102    @aCN@b220000
105    @ay z 000yy
200 1  @a中外园林艺术研究@9zhong wai yuan lin yi shu yan jiu@f曹盼宫著
210    @a长春@c吉林出版集团股份有限公司@d2017.9
215    @a212页@d26cm
330    @a中国古典园林聚集了中华民族几千年的灿烂文化,以其形式和内涵形成了特有的风格,并在世界园林中独树一帜。西方园林的造园艺术以“完整、和谐、鲜明”为特征,以对称、均衡和秩序等简单的几何关系为手法。中国现代园林建筑要汲取中国古典园林文化的本土特征和西方园林文化的精髓,发现潜在的、有意义、有价值的设计要素,使现代文明和传统文化相结合,形成一种全新的现代园林设计理念。本书全面介绍了中外园林的历史渊源、文化背景、园林类型、代表性园林以及风格特点。本书可作为高等院校园林、建筑、旅游、园艺等专业教材,亦可作为相关专业的广大师生、科技工作者参考借鉴。
606 0  @a园林艺术@x研究@x世界
690    @aTU986.1@v5
701  0 @a曹盼宫@9cao pan gong@4著
801  0 @aCN@b91CIP@c20171004
905    @aMuseLib@dTU986.1@e1419
    
    中外园林艺术研究/曹盼宫著.-长春:吉林出版集团股份有限公司,2017.9
    212页;26cm
    
    
    ISBN 978-7-5581-3608-5:CNY42.00
    中国古典园林聚集了中华民族几千年的灿烂文化,以其形式和内涵形成了特有的风格,并在世界园林中独树一帜。西方园林的造园艺术以“完整、和谐、鲜明”为特征,以对称、均衡和秩序等简单的几何关系为手法。中国现代园林建筑要汲取中国古典园林文化的本土特征和西方园林文化的精髓,发现潜在的、有意义、有价值的设计要素,使现代文明和传统文化相结合,形成一种全新的现代园林设计理念。本书全面介绍了中外园林的历史渊源、文化背景、园林类型、代表性园林以及风格特点。本书可作为高等院校园林、建筑、旅游、园艺等专业教材,亦可作为相关专业的广大师生、科技工作者参考借鉴。
●
相关链接 在E读中查询图书 在五车中查询图书 在当当中查询图书 在豆瓣中查询图书


正题名:中外园林艺术研究     索取号:TU986.1/1419         预约/预借

序号 登录号 条形码 馆藏地/架位号 状态 备注
1 1118129   211181291   第二样本阅览室/ [索取号:TU986.1/1419] 在馆    
2 1118130   211181308   第三借阅区/ [索取号:TU986.1/1419] 在馆    
3 1118131   211181317   第三借阅区/ [索取号:TU986.1/1419] 在馆    
4 1118132   211181326   第三借阅区/ [索取号:TU986.1/1419] 在馆    
5 1118133   211181335   第三借阅区/ [索取号:TU986.1/1419] 在馆    
唐山师范学院图书馆 欢迎您!
大连网信软件有限公司© 版权所有